[Event "C.to Provinciale MO"]
[Site "Modena ITA"]
[Date "2009.12.12"]
[Round "4"]
[White "Vincenzi, Marco"]
[Black "Balboni, Lamberto"]
[Result "0-1"]
[WhiteElo "2078"]
[BlackElo "1885"]
[PlyCount "58"]
[EventDate "2009.12.11"]

1. e4 e6 2. d4 d5 3. Nc3 Nf6 4. e5 Nfd7 5. f4 c5 6. Nf3 Nc6 7. Be3 cxd4 8. Nxd4
Bc5 9. Qd2 Nxd4 10. Bxd4 Bxd4 11. Qxd4 Qb6 12. O-O-O Qxd4 13. Rxd4 Ke7 14. g3
a6 15. Bg2 h5 16. Re1 g6 17. a4 b6 18. Nxd5+ exd5 19. Bxd5 Ra7 20. e6 fxe6 21.
Rxe6+ Kf7 22. Rde4 Kg7 23. Re7+ Kh6 24. f5 Rf8 25. fxg6 Kxg6 26. h4 Rc7 27.
R4e6+ Nf6 28. Be4+ Kh6 29. Rh7+ Rxh7 0-1

[Event "C.to Provinciale MO"]
[Site "Modena ITA"]
[Date "2009.12.13"]
[Round "5"]
[White "Andreolini, Mauro"]
[Black "Trangoni, Bruno"]
[Result "1/2-1/2"]
[WhiteElo "2157"]
[BlackElo "2015"]
[PlyCount "76"]
[EventDate "2009.12.11"]

1. d4 d6 2. c4 g6 3. e4 Bg7 4. Nc3 Nd7 5. Nf3 e5 6. g3 Ne7 7. Bg2 O-O 8. O-O h6
9. b3 f5 10. Bb2 fxe4 11. Nxe4 exd4 12. Bxd4 Nf5 13. Bxg7 Kxg7 14. Nd4 Nf6 15.
Nxf5+ gxf5 16. Nxf6 Qxf6 17. f4 Rb8 18. Qd3 Be6 19. Rae1 Rfe8 20. Re2 Bf7 21.
Rxe8 Bxe8 22. Re1 b5 23. Qe3 c5 24. Bd5 bxc4 25. Bxc4 Bf7 26. Bxf7 Kxf7 27. Kg2
a5 28. Re2 Rc8 29. Qf3 Kf8 30. Qd5 Re8 31. Rxe8+ Kxe8 32. Qa8+ Qd8 33. Qc6+ Qd7
34. Qd5 Ke7 35. Qa8 Qb5 36. Qa7+ Kf6 37. Qh7 Qe2+ 38. Kh3 Qh5+ 1/2-1/2

[Event "C.to Provinciale MO"]
[Site "Modena ITA"]
[Date "2009.12.13"]
[Round "5"]
[White "Balboni, Lamberto"]
[Black "Sciortino, Massimo"]
[Result "0-1"]
[WhiteElo "1885"]
[BlackElo "2179"]
[PlyCount "70"]
[EventDate "2009.12.11"]

1. e4 d6 2. d4 g6 3. Nc3 Nf6 4. f4 Bg7 5. Nf3 O-O 6. Bd3 b6 7. Be3 Bb7 8. O-O
c5 9. e5 Ng4 10. Bd2 cxd4 11. Nxd4 dxe5 12. Ne6 fxe6 13. Qxg4 Qd4+ 14. Kh1 Rf5
15. Bxf5 exf5 16. Qe2 Ba6 17. Nb5 Qd7 18. a4 Nc6 19. c3 e4 20. Be3 Rc8 21. Qc4+
e6 22. Rad1 Qe7 23. Qe2 e5 24. Rd2 exf4 25. Bxf4 Ne5 26. Rfd1 Re8 27. Bxe5 Bxe5
28. Qc4+ Kh8 29. Rd7 Qh4 30. h3 Qg3 31. Kg1 Qh2+ 32. Kf1 e3 33. Qf7 e2+ 34.
Kxe2 Qxg2+ 35. Ke3 Qe4+ 0-1

[Event "C.to Provinciale MO"]
[Site "Modena ITA"]
[Date "2009.12.13"]
[Round "5"]
[White "Cambi, Enrico"]
[Black "Ferraguti, Francesco"]
[Result "1/2-1/2"]
[WhiteElo "1539"]
[BlackElo "1660"]
[PlyCount "56"]
[EventDate "2009.12.11"]

1. e4 e5 2. Nc3 Nc6 3. Bc4 Bc5 4. d3 d6 5. f4 Na5 6. Nf3 Nxc4 7. dxc4 Bg4 8.
Qd3 Bxf3 9. Qxf3 c6 10. fxe5 dxe5 11. Be3 Bxe3 12. Qxe3 f6 13. Ke2 Qd4 14. Qd3
Qxd3+ 15. cxd3 Ne7 16. Ke3 O-O-O 17. Ne2 Rhe8 18. Ng3 Rd7 19. b4 Ng6 20. Ne2
Nf4 21. Nxf4 exf4+ 22. Kxf4 Rxd3 23. Rhd1 Red8 24. Rxd3 Rxd3 25. c5 Rd2 26. Kf3
Kd7 27. a3 Ke6 28. Re1 Rd8 1/2-1/2

[Event "C.to Provinciale MO"]
[Site "Modena ITA"]
[Date "2009.12.13"]
[Round "5"]
[White "Camerini, Lorenzo"]
[Black "Franchini, Gabriele"]
[Result "1/2-1/2"]
[WhiteElo "2073"]
[BlackElo "2179"]
[PlyCount "20"]
[EventDate "2009.12.11"]

1. g3 d5 2. Nf3 Nf6 3. Bg2 c6 4. O-O Bg4 5. b3 Nbd7 6. Bb2 e6 7. c4 Bd6 8. d3
O-O 9. Nbd2 Qe8 10. a3 a5 1/2-1/2

[Event "C.to Provinciale MO"]
[Site "Modena ITA"]
[Date "2009.12.13"]
[Round "5"]
[White "Dionigi, Riccardo"]
[Black "Di Trapani, Davide"]
[Result "1-0"]
[WhiteElo "1828"]
[BlackElo "1913"]
[PlyCount "125"]
[EventDate "2009.12.11"]

1. d4 d5 2. c4 e6 3. Nc3 Nf6 4. Bg5 Be7 5. e3 Nbd7 6. Nf3 O-O 7. cxd5 exd5 8.
Bd3 c6 9. O-O Re8 10. a3 Nf8 11. b4 a6 12. Rb1 Bg4 13. Bxf6 Bxf6 14. a4 Ne6 15.
b5 axb5 16. axb5 Bxf3 17. Qxf3 Ra3 18. Rfc1 Qa5 19. Qf5 Rxc3 20. Qxh7+ Kf8 21.
bxc6 Rxc1+ 22. Rxc1 bxc6 23. Rxc6 g6 24. Qh3 Kg7 25. Qf3 Qe1+ 26. Bf1 Rb8 27.
Qe2 Qxe2 28. Bxe2 Rb2 29. Bd3 Rd2 30. Bf1 Bh4 31. g3 Be7 32. h4 g5 33. hxg5
Nxg5 34. Bg2 Ne4 35. Bxe4 dxe4 36. Rb6 f5 37. Re6 Bf6 38. Kf1 Kg6 39. Kg2 Kg5
40. g4 Bxd4 41. exd4 Kxg4 42. Rg6+ Kf4 43. Kf1 Rxd4 44. Ke2 Ra4 45. Rg3 Ra2+
46. Ke1 Ra7 47. Ke2 Rd7 48. Rh3 Rd3 49. Rh4+ Kg5 50. Rh8 Rb3 51. Rh2 Kg4 52.
Rg2+ Kf4 53. Rh2 Rb2+ 54. Ke1 Rb1+ 55. Ke2 Rg1 56. Rh4+ Rg4 57. Rh8 Rg6 58.
Rh4+ Ke5 59. Rh5 Ra6 60. Ke3 Ra2 61. Rg5 Kf6 62. Rg2 Ke5 63. f4+ 1-0

[Event "C.to Provinciale MO"]
[Site "Modena ITA"]
[Date "2009.12.13"]
[Round "5"]
[White "Farachi, Francesco"]
[Black "Frigieri, Fabrizio"]
[Result "1-0"]
[WhiteElo "2103"]
[BlackElo "2130"]
[PlyCount "109"]
[EventDate "2009.12.11"]

1. e4 c5 2. Nf3 Nc6 3. Nc3 d6 4. d3 g6 5. Be3 Bg7 6. Qd2 Nd4 7. h3 e6 8. Be2
Ne7 9. O-O-O Qa5 10. Kb1 b5 11. e5 Nxf3 12. Bxf3 d5 13. Nxd5 Qxd2 14. Nf6+ Bxf6
15. Rxd2 Bxe5 16. Bxa8 Bd6 17. c4 bxc4 18. dxc4 Nf5 19. Bg5 O-O 20. Rxd6 Nxd6
21. Be7 Nxc4 22. Bxf8 Kxf8 23. Rc1 Ba6 24. b3 Nb6 25. Bf3 Bd3+ 26. Kb2 c4 27.
Kc3 e5 28. bxc4 Bxc4 29. a4 Be6 30. Kb4 f5 31. a5 Nc8 32. Bd5 Bxd5 33. Rxc8+
Kg7 34. Rc7+ Kh6 35. Rxa7 Bxg2 36. Re7 Bxh3 37. a6 Bg2 38. Rxe5 Kg5 39. Kc5 Ba8
40. Re8 Bg2 41. Rc8 h5 42. Rc6 Kf4 43. a7 Bxc6 44. Kxc6 Kf3 45. a8=Q Kxf2 46.
Qa2+ Kf3 47. Qb3+ Kg4 48. Qd1+ Kf4 49. Qf1+ Ke3 50. Qh3+ Ke2 51. Qg2+ Ke3 52.
Qg3+ Ke4 53. Qxg6 h4 54. Qg2+ Kf4 55. Kd5 1-0

[Event "C.to Provinciale MO"]
[Site "Modena ITA"]
[Date "2009.12.13"]
[Round "5"]
[White "Ferretti, Alessandro"]
[Black "De Biaggi, Paolo"]
[Result "1-0"]
[WhiteElo "1941"]
[BlackElo "1878"]
[PlyCount "27"]
[EventDate "2009.12.11"]

1. e4 e5 2. Nf3 Nf6 3. d4 Nxe4 4. Bd3 d5 5. Nxe5 Nf6 6. O-O Be7 7. c4 dxc4 8.
Bxc4 O-O 9. Nc3 c6 10. Qb3 Qe8 11. Re1 Nbd7 12. Nxf7 Rxf7 13. Bxf7+ Qxf7 14.
Rxe7 1-0

[Event "C.to Provinciale MO"]
[Site "Modena ITA"]
[Date "2009.12.13"]
[Round "5"]
[White "Garofalo, Sergio"]
[Black "Vincenzi, Marco"]
[Result "0-1"]
[WhiteElo "1833"]
[BlackElo "2078"]
[PlyCount "80"]
[EventDate "2009.12.11"]

1. d4 Nf6 2. Nf3 c5 3. e3 cxd4 4. exd4 d5 5. c4 e6 6. Nbd2 Nc6 7. a3 Be7 8. b3
O-O 9. Bb2 a5 10. Bd3 a4 11. b4 dxc4 12. Nxc4 Nd5 13. O-O Bf6 14. g3 g6 15. Rc1
Bg7 16. Nce5 Nxe5 17. dxe5 Bd7 18. Qe2 Qe7 19. Rc2 Rfc8 20. Rfc1 Qe8 21. h4
Rxc2 22. Rxc2 Rc8 23. Rxc8 Qxc8 24. h5 Ne7 25. Ng5 Bc6 26. hxg6 hxg6 27. Qg4
Qd7 28. Be4 Bxe4 29. Nxe4 Qd3 30. Bd4 Nf5 31. Bc3 Qb1+ 32. Kg2 Qc2 33. Qf3 Bh6
34. Nf6+ Kg7 35. Kh3 Bd2 36. Bxd2 Qxd2 37. Qxb7 Qxf2 38. Qg2 Qe3 39. Ne8+ Kf8
40. Nf6 Qh6+ 0-1

[Event "C.to Provinciale MO"]
[Site "Modena ITA"]
[Date "2009.12.13"]
[Round "5"]
[White "Panini, Emanuele"]
[Black "Di Trapani, Luigi"]
[Result "1/2-1/2"]
[WhiteElo "1988"]
[BlackElo "1501"]
[PlyCount "89"]
[EventDate "2009.12.11"]

1. e4 d6 2. d4 g6 3. c4 Bg7 4. Nf3 Nf6 5. Nc3 O-O 6. Be2 c6 7. O-O Nbd7 8. Ne1
e5 9. d5 cxd5 10. cxd5 Nc5 11. f3 a5 12. Nd3 b6 13. Nxc5 bxc5 14. a4 Nh5 15.
Ra3 f5 16. Nb5 fxe4 17. fxe4 Rxf1+ 18. Qxf1 Nf6 19. Bg5 Qf8 20. Rf3 Bg4 21. Rf2
Bxe2 22. Qxe2 Qe7 23. Bxf6 Bxf6 24. Qg4 Re8 25. Rf3 Kg7 26. Rb3 h5 27. Qh3 Bg5
28. Na3 Kh6 29. Nc4 Qf6 30. g3 Rf8 31. Qg2 h4 32. Rb6 h3 33. Qxh3+ Kg7 34. Rb7+
Rf7 35. Rxf7+ Qxf7 36. Qf1 Qd7 37. Qd1 Bd8 38. Kg2 Kh7 39. h3 Kg7 40. Qb3 g5
41. Qb5 Qc7 42. Qa6 Qb8 43. Qxd6 Qxd6 44. Nxd6 Kf6 45. Nc4 1/2-1/2

[Event "C.to Provinciale MO"]
[Site "Modena ITA"]
[Date "2009.12.13"]
[Round "5"]
[White "Paoli, Walter"]
[Black "Landi, Filippo"]
[Result "1-0"]
[WhiteElo "2075"]
[BlackElo "1491"]
[PlyCount "59"]
[EventDate "2009.12.11"]

1. e4 c5 2. c3 e6 3. d4 Nc6 4. Nf3 cxd4 5. cxd4 d5 6. e5 Bb4+ 7. Bd2 Qb6 8. a3
Bxd2+ 9. Qxd2 Nge7 10. Nc3 O-O 11. b4 Qc7 12. Bd3 b6 13. O-O Bb7 14. Rfc1 Qd7
15. Qe2 Rfc8 16. Rc2 Rc7 17. Rac1 Rac8 18. Nb5 Ba6 19. Nxc7 Bxd3 20. Qxd3 Rxc7
21. b5 Nb4 22. Rxc7 Qxc7 23. Rxc7 Nxd3 24. Rxe7 Kf8 25. Rxa7 Nf4 26. a4 Ne2+
27. Kf1 Nc3 28. a5 Nxb5 29. axb6 Nxa7 30. bxa7 1-0

[Event "C.to Provinciale MO"]
[Site "Modena ITA"]
[Date "2009.12.13"]
[Round "5"]
[White "Serra, Mattia"]
[Black "Molinelli, Luigi"]
[Result "1-0"]
[WhiteElo "1524"]
[BlackElo "1077"]
[PlyCount "37"]
[EventDate "2009.12.11"]

1. d4 Nf6 2. c4 e6 3. Nc3 d5 4. Bg5 Be7 5. e3 O-O 6. Nf3 Nc6 7. cxd5 exd5 8.
Bd3 g6 9. O-O Re8 10. Qc2 Bg4 11. Nd2 Bf8 12. a3 Bg7 13. h3 Bd7 14. Nxd5 Re6
15. Ne4 Kh8 16. Nc5 Rd6 17. Nxb7 Qf8 18. Nxd6 Qxd6 19. Nxf6 1-0

[Event "C.to Provinciale MO"]
[Site "Modena ITA"]
[Date "2009.12.13"]
[Round "5"]
[White "Setti, Roberto"]
[Black "Castelli, Antonio"]
[Result "1-0"]
[WhiteElo "1721"]
[BlackElo "1749"]
[PlyCount "84"]
[EventDate "2009.12.11"]

1. c4 c5 2. Nc3 Nc6 3. Nf3 Nf6 4. g3 g6 5. Bg2 Bg7 6. O-O O-O 7. d3 d5 8. cxd5
Nxd5 9. Bd2 Nf6 10. Qc1 Nd4 11. Re1 Nd5 12. Nxd5 Qxd5 13. Nxd4 Qxd4 14. Bc3 Qd6
15. Bxg7 Kxg7 16. Qc3+ Qd4 17. Rec1 Be6 18. Qxd4+ cxd4 19. Bxb7 Rab8 20. Rc7
Bc8 21. Bxc8 Rfxc8 22. Rxc8 Rxc8 23. Kf1 e5 24. Ke1 f5 25. Kd2 Kf6 26. Rc1 Rxc1
27. Kxc1 f4 28. Kd2 Kg5 29. Ke1 Kg4 30. Kf1 f3 31. b4 h5 32. h4 fxe2+ 33. Kxe2
g5 34. hxg5 Kxg5 35. Kf3 Kf5 36. a4 Ke6 37. Ke4 Kd6 38. f3 Ke6 39. b5 Kd6 40.
a5 Kc5 41. b6 axb6 42. axb6 Kxb6 1-0

[Event "C.to Provinciale MO"]
[Site "Modena ITA"]
[Date "2009.12.13"]
[Round "5"]
[White "Verrelli, Adriano"]
[Black "Decaneto, Erick"]
[Result "1-0"]
[WhiteElo "1611"]
[BlackElo "1685"]
[PlyCount "48"]
[EventDate "2009.12.11"]

1. e4 c6 2. d4 d5 3. exd5 cxd5 4. Nc3 Nf6 5. Nf3 Bg4 6. h3 Bh5 7. Qd3 Bxf3 8.
Qxf3 Nc6 9. Bg5 Nxd4 10. Qd3 e5 11. Bxf6 gxf6 12. Nb5 Qa5+ 13. c3 Qxb5 14.
Qxb5+ Nxb5 15. Bxb5+ Ke7 16. Bd3 Rc8 17. Bf5 Rc5 18. O-O h5 19. Rfd1 h4 20. b4
Rxc3 21. Rxd5 Ke8 22. Bd7+ Kd8 23. Bf5+ Ke8 24. Rd7 Ra3 1-0